| 000 | 00396nam a2200157Ia 4500 | ||
|---|---|---|---|
| 005 | 20250404054119.0 | ||
| 008 | 240331s9999 xx 000 0 und d | ||
| 020 | _a8189359088 | ||
| 082 |
_bSIV _a894 |
||
| 100 | _aSivasubramanian, A | ||
| 245 | 0 | _aTamizakattil atimaimu rai | |
| 260 |
_aNagercoil _bKalachuvadu Pathippagam _c2005 |
||
| 300 | _a159 p ., | ||
| 650 | _aAncient History | ||
| 942 | _cL | ||
| 999 |
_c3787 _d3787 |
||